[Event "30th World Junior Girls"]
[Site "Athens GRE"]
[Date "2012.08.02"]
[Round "1.32"]
[White "Tuzi,Bruna"]
[Black "Batkovskyte,D"]
[Result "0-1"]
[WhiteElo "1546"]
[BlackElo "2096"]

1.e4 d6 2.d4 Nf6 3.Nc3 c6 4.Nf3 Bg4 5.Be2 e6 6.O-O Be7 7.Re1 O-O 8.a4 d5
9.h3 Bh5 10.e5 Nfd7 11.Na2 c5 12.c3 Nc6 13.b3 Qb6 14.Bb2 Rac8 15.Bb5 Ndb8
16.g4 Bg6 17.Ba3 a6 18.dxc5 Bxc5 19.Bxc5 Qxc5 20.b4 Qe7 21.Bxc6 Nxc6 22.Nd4 Nxd4
23.Qxd4 Qh4 24.Qe3 h5 25.g5 Bf5 26.Kh2 d4 27.Qxd4 Qxh3+ 28.Kg1 Bg4 29.f4 Rfd8
30.Qe3 Bf3 31.Qf2 Qh1+  0-1

[Event "CECLUB 1st Div GpA 2012"]
[Site "Don Benito ESP"]
[Date "2012.08.02"]
[Round "4"]
[White "Korneev,O"]
[Black "Garcia Castro,P"]
[Result "1-0"]
[WhiteElo "2577"]
[BlackElo "2393"]

1.e4 d6 2.d4 Nf6 3.Nc3 e5 4.Nf3 exd4 5.Nxd4 Be7 6.g3 O-O 7.Bg2 a5 8.a4 Re8
9.O-O Na6 10.h3 c6 11.Re1 Nc5 12.g4 h6 13.Nde2 Qb6 14.Be3 Qb4 15.Bd2 Qb6
16.b3 Bd7 17.Be3 Rad8 18.Qd2 Qb4 19.Rad1 Bc8 20.Qc1 Bf8 21.Bd2 Qb6 22.Ng3 Be6
23.Be3 Bc8 24.Bd4 Nfd7 25.f4 Qc7 26.Kh1 Ne6 27.Be3 Be7 28.Nf5 Bf8 29.Qd2 Nf6
30.Qf2 Nc5 31.Ng3 b6 32.Bd4 Nfd7 33.Nf5 Ne6 34.Be3 Nec5 35.Qh4 Nf6 36.Bd4 Nh7
37.Qf2 g6 38.Ng3 Qe7 39.Qf3 Bg7 40.Bxg7 Kxg7 41.Qf2 Kg8 42.Nce2 Qh4 43.Kg1 Ne6
44.Rf1 Ba6 45.Qxb6 Nc5 46.Qxa5 Bxe2 47.Nxe2 Nxe4 48.Nd4 h5 49.gxh5 c5 50.hxg6 fxg6
51.Nc6 Rc8 52.Qb5 Nhf6 53.a5 Ng3 54.Rfe1 Nf5 55.Qc4+ d5 56.Bxd5+ Kh7 57.Ne5 Nd4
58.Bg2 Rc7 59.Rf1 Qg3 60.Qd3 Nh5 61.Qxg3 Nxg3 62.Rf2 Nge2+ 63.Kh2 Nxf4 64.Rxf4 Rxe5
65.Rf2 Nf5 66.Rfd2 Ree7 67.a6 Ne3 68.Ra1 c4 69.Re2 cxb3 70.cxb3 Ng4+ 71.hxg4 Rxe2
72.a7  1-0

[Event "Pays de Charleroi Open 2012"]
[Site "Roux BEL"]
[Date "2012.08.02"]
[Round "7.9"]
[White "Van Melkebeke,W"]
[Black "Barbier,Wim"]
[Result "1/2-1/2"]
[WhiteElo "1940"]
[BlackElo "2148"]

1.e4 d6 2.d4 Nf6 3.Nc3 e5 4.Nf3 Nbd7 5.a4 c6 6.a5 Be7 7.Bc4 O-O 8.O-O exd4
9.Nxd4 Ne5 10.Be2 c5 11.Nf5 Bxf5 12.exf5 Nc6 13.a6 bxa6 14.Bf3 Qd7 15.Rxa6  1/2-1/2

[Event "Tabor Open 2012"]
[Site "Tabor CZE"]
[Date "2012.08.03"]
[Round "7.45"]
[White "Simon,Jan"]
[Black "Lauko,M"]
[Result "0-1"]
[WhiteElo "1636"]
[BlackElo "1920"]

1.e4 d6 2.d4 Nf6 3.Nc3 c6 4.h3 Nbd7 5.Nf3 Qc7 6.Be3 a6 7.Be2 e6 8.O-O b5
9.a3 Bb7 10.Nd2 Be7 11.f4 c5 12.Bf3 cxd4 13.Bxd4 e5 14.Be3 exf4 15.Bxf4 Ne5
16.Qe2 O-O 17.Rad1 Rad8 18.Rfe1 Bc6 19.Rc1 Qb7 20.Kh1 Nfd7 21.Nd5 Bf6 22.Nxf6+ Nxf6
23.b4 Nfd7 24.c4 bxc4 25.Nxc4 Nxc4 26.Qxc4 Bb5 27.Qd4 Nb6 28.Bxd6 Qb8 29.Red1 Qa7
30.Qe3 Rfe8 31.Rc7 Qb8 32.Qf4 Bc4 33.Rxc4 Rxd6 34.Rxd6 Nxc4 35.e5 Nxd6 36.exd6 Rd8
37.Bd5 Qxd6 38.Bxf7+ Kh8 39.Qxd6 Rxd6 40.Bc4 g5 41.b5 axb5 42.Bxb5 h5 43.a4 h4
44.Kg1 Rd2 45.Kf1 Kg7 46.Bc6 Kf6 47.Ke1 Ra2 48.Kd1 Ke5 49.Kc1 Kd6 50.Kb1 Rf2
51.Bb7 Kc7 52.Bf3 Kb6 53.Bd5 Rf4 54.Bb3 Rf2 55.Bd5 Kc5 56.Bf3 Kb4 57.Bc6 Kb3
58.Kc1  0-1

[Event "30th World Junior Girls"]
[Site "Athens GRE"]
[Date "2012.08.04"]
[Round "3.20"]
[White "Pon,N"]
[Black "Unapkoshvili,N"]
[Result "0-1"]
[WhiteElo "2119"]
[BlackElo "2011"]

1.e4 d6 2.d4 Nf6 3.Nc3 e5 4.Nf3 Nbd7 5.g4 Nxg4 6.Rg1 Ngf6 7.Bc4 h6 8.Be3 c6
9.Qd3 b5 10.Bb3 Bb7 11.O-O-O Qc7 12.Ne2 c5 13.Qxb5 cxd4 14.Nexd4 exd4 15.Bxd4 a6
16.Qd3 O-O-O 17.Bxf7 Nxe4 18.Nh4 Ndc5 19.Qh3+ Kb8 20.Qf5 Bc8 21.Qd5 Bb7 22.Qf5 Bc8
23.Qd5 Nf6 24.Bxf6 gxf6 25.Bg8 Rxg8 26.Qxg8 Be6 27.Qg3 Bxa2 28.b4 Ne4 29.Qe3 d5
30.f3 Nc3 31.Rd4 Nb5 32.Rd3 d4 33.Qe1 Bc4 34.Rd1 Nc3 35.Rd2 Bxb4  0-1

[Event "30th World Junior Girls"]
[Site "Athens GRE"]
[Date "2012.08.04"]
[Round "3.22"]
[White "De Seroux,C"]
[Black "Nonkovic,B"]
[Result "1-0"]
[WhiteElo "2101"]
[BlackElo "1950"]

1.e4 d6 2.d4 Nf6 3.Nc3 e5 4.Nf3 Nbd7 5.Bc4 Be7 6.O-O O-O 7.Re1 c6 8.a4 exd4
9.Nxd4 Ne5 10.Ba2 Re8 11.h3 Bd7 12.f4 Ng6 13.Be3 Qa5 14.Qd3 Bd8 15.Bd2 Qh5
16.f5 Ne5 17.Qg3 Kh8 18.Rad1 Ng8 19.Nf3 Bc7 20.Ne2 Nxf3+ 21.gxf3 Bd8 22.Bc3 Qg5
23.Qxg5 Bxg5 24.Bxf7 Re7 25.Bxg8 Rxg8 26.Rxd6 Bc8 27.Kf1 Rge8 28.Bd4 a6 29.Bf2 g6
30.h4  1-0

[Event "CECLUB Div1 Final Ascenso 2012"]
[Site "Don Benito ESP"]
[Date "2012.08.04"]
[Round "1.2"]
[White "Korneev,O"]
[Black "Magem Badals,J"]
[Result "1/2-1/2"]
[WhiteElo "2581"]
[BlackElo "2554"]

1.e4 d6 2.d4 Nf6 3.Nc3 e5 4.Nf3 Nbd7 5.Bc4 Be7 6.O-O O-O 7.a4 a5 8.Re1 c6
9.h3 Nb6 10.Ba2 Nfd7 11.dxe5 dxe5 12.Be3 Qc7 13.Ng5 Nf6 14.Qd3 Bd7 15.Nf3 Nc8
16.Rad1 Be8 17.Ne2 Nb6 18.Qb3 Nbd7 19.Ng3 Bb4 20.c3 Bc5 21.Bg5 h6 22.Bc1 Kh7
23.Qc2 g6 24.Qd2 Ng8 25.h4 Ndf6 26.h5 Ng4 27.Rf1 N8f6 28.Nh2 Qe7 29.Qe2 Bd7
30.Nf3 Rad8 31.Rd3 Be6 32.hxg6+ fxg6 33.Bxe6  1/2-1/2

[Event "11th Braunau Open A"]
[Site "Ranshofen AUT"]
[Date "2012.08.04"]
[Round "1.5"]
[White "Friedel,M"]
[Black "Tratar,M"]
[Result "0-1"]
[WhiteElo "2137"]
[BlackElo "2492"]

1.e4 d6 2.d4 Nf6 3.Nc3 e5 4.Nf3 Nbd7 5.Bc4 Be7 6.O-O O-O 7.Qe2 exd4 8.Nxd4 Ne5
9.Bb3 c5 10.Nf5 Bxf5 11.exf5 Qd7 12.Nd5 Rae8 13.f4 Nc6 14.Qd3 Nxd5 15.Bxd5 Nb4
16.Qd1 Qxf5 17.Bb3 c4 18.Bxc4 Qc5+  0-1

[Event "Tabor Open 2012"]
[Site "Tabor CZE"]
[Date "2012.08.04"]
[Round "8.1"]
[White "Zapletal,Jindrich"]
[Black "Voloshin,L"]
[Result "1/2-1/2"]
[WhiteElo "2168"]
[BlackElo "2427"]

1.e4 d6 2.d4 Nf6 3.Nc3 e5 4.Nf3 Nbd7 5.Bc4 Be7 6.Ng5 O-O 7.Bxf7+ Rxf7 8.Ne6 Qe8
9.Nxc7 Qd8 10.Nxa8 b5 11.b4 Bb7 12.d5 Qxa8 13.f3 a5 14.a4 axb4 15.Nxb5 Qa5
16.c3 Nc5 17.Be3 Nfd7 18.cxb4 Qxb4+ 19.Qd2 Qxd2+ 20.Bxd2 Rf8 21.O-O Nb3  1/2-1/2

[Event "16th HZ Open"]
[Site "Vlissingen NED"]
[Date "2012.08.04"]
[Round "1"]
[White "Van Eijk,Maurice"]
[Black "Leenhouts,K"]
[Result "0-1"]
[WhiteElo "1877"]
[BlackElo "2390"]

1.e4 d6 2.d4 Nf6 3.Nc3 e5 4.dxe5 dxe5 5.Qxd8+ Kxd8 6.Bg5 Be6 7.Nf3 Nd7 8.O-O-O Kc8
9.Bb5 c6 10.Ba4 Bb4 11.Rhe1 Bxc3 12.bxc3 Bxa2 13.Kb2 Be6 14.Bb3 Re8 15.Nh4 Kc7
16.Nf5 Nxe4 17.Nxg7 Nxg5 18.Nxe8+ Rxe8 19.Re3 f5 20.Rde1 e4 21.h4 Nf7 22.g4 Nd6
23.Bxe6 Rxe6 24.gxf5 Re5 25.Rg3 Nxf5 26.Rg4 Nf6 27.Rf4 h5 28.c4 a5 29.Rg1 Ng4
30.f3 exf3 31.Rxf3 Nd6 32.Kc3 Re4 33.c5 Rc4+ 34.Kb2 Rxc5 35.Rf8 Nc4+ 36.Kb3 Nd2+
37.Kb2 Ne3 38.c3 Rb5+  0-1

[Event "30th World Junior Girls"]
[Site "Athens GRE"]
[Date "2012.08.05"]
[Round "4.21"]
[White "Abdulla,K"]
[Black "Nonkovic,B"]
[Result "1-0"]
[WhiteElo "2217"]
[BlackElo "1950"]

1.e4 d6 2.d4 Nf6 3.Nc3 e5 4.Nf3 Nbd7 5.g3 Be7 6.Bg2 O-O 7.O-O c6 8.a4 a5
9.Re1 Re8 10.b3 Qc7 11.Ba3 Nf8 12.Qd3 Bd7 13.Red1 Rad8 14.Nh4 Be6 15.d5 Bc8
16.Qc4 Qb6 17.Nf5 c5 18.Nb5 Bxf5 19.exf5 N6d7 20.Bc1 Rc8 21.Bh3 Bf6 22.Qe4 Nb8
23.Bf1 Na6 24.Na3 Nb8 25.Bb5 Red8 26.Bb2 Qc7 27.Nc4 Be7 28.f4 f6 29.fxe5 dxe5
30.d6 Bxd6 31.Qd5+ Kh8 32.Nxd6  1-0

[Event "CECLUB Div1 Final Permanencia 2012"]
[Site "Don Benito ESP"]
[Date "2012.08.05"]
[Round "2.2"]
[White "Ruiz Marana,A"]
[Black "Garcia Castro,P"]
[Result "1-0"]
[WhiteElo "2210"]
[BlackElo "2379"]

1.e4 d6 2.d4 Nf6 3.Nc3 e5 4.Nf3 Nbd7 5.Bc4 Be7 6.O-O Nb6 7.Be2 Nbd7 8.Bc4 Nb6
9.Be2 Nbd7 10.a4 O-O 11.Bc4 a5 12.Qe2 c6 13.Rd1 Qb6 14.Rb1 exd4 15.Nxd4 Ne5
16.Ba2 Re8 17.h3 Bf8 18.Be3 Qd8 19.Re1 Ng6 20.Qd3 Nh5 21.Qd2 h6 22.Rbd1 Qf6
23.Nde2 Nh4 24.Kh2 d5 25.exd5 Bd6+ 26.Ng3 Qg6 27.Ne2 Qe4 28.Rg1 c5 29.Bxc5 Be5
30.d6 Be6 31.d7 Bxa2 32.dxe8=Q+ Rxe8 33.b3 Qxe2 34.Qxe2 Bxg3+ 35.fxg3 Rxe2
36.gxh4 Rxc2 37.b4 axb4 38.Bxb4 Rc4 39.Ra1 Bb3 40.Rgb1 Rxb4 41.Ra3 Rxa4 42.Rbxb3 Rf4
43.Rxb7 g6 44.g4 Nf6 45.Kg3 g5 46.hxg5 hxg5 47.Rf3 Rxf3+ 48.Kxf3 Kg7 49.Ke3 Nd5+
50.Ke4 Nf4 51.Rb3 Ne6 52.Ke5 Nf4 53.Kf5 Ne6 54.Re3 Nf8 55.Kxg5 Kg8  1-0

[Event "11th Braunau Open A"]
[Site "Ranshofen AUT"]
[Date "2012.08.05"]
[Round "2.9"]
[White "Heiduczek,J"]
[Black "Okhotnik,V"]
[Result "1/2-1/2"]
[WhiteElo "2214"]
[BlackElo "2423"]

1.e4 d6 2.d4 Nf6 3.Nc3 e5 4.dxe5 dxe5 5.Qxd8+ Kxd8 6.Bc4 Ke8 7.Be3 c6 8.f3 b5
9.Bb3 a5 10.a4 b4 11.Nb1 Nbd7 12.Nd2 Bc5 13.Bxc5 Nxc5 14.Bc4 Nfd7 15.Ne2 Nb6
16.b3 Ke7 17.Ng3 g6 18.Be2 Ne6 19.O-O-O Nd4 20.Bd3 Be6 21.Ngf1 c5 22.Ne3 Rhd8
23.Ndc4 Nxc4 24.Bxc4 f6 25.Rd2 h5 26.Bxe6 Kxe6 27.Rf1 g5 28.Kb2 h4 29.Rdf2 Rh8
30.Nc4 Nc6 31.g3 hxg3 32.hxg3 Rad8 33.f4 exf4 34.gxf4 g4 35.Rg2 Rh4 36.Ne3 Rg8
37.Nf5 Rh3  1/2-1/2

[Event "16th HZ Open"]
[Site "Vlissingen NED"]
[Date "2012.08.05"]
[Round "2"]
[White "Jerez Perez,A"]
[Black "Skutta,B"]
[Result "1-0"]
[WhiteElo "2412"]
[BlackElo "2083"]

1.e4 d6 2.d4 Nf6 3.Nc3 e5 4.Nf3 Nbd7 5.Bc4 Be7 6.O-O O-O 7.Qe2 c6 8.a4 a5
9.h3 exd4 10.Nxd4 Nb6 11.Bb3 d5 12.Rd1 Be6 13.exd5 Bxd5 14.Nxd5 cxd5 15.Qb5 Qc7
16.Bg5 h6 17.Bh4 g6 18.Re1 Nc4 19.Bxc4 dxc4 20.Bg3 Bd6 21.Bxd6 Qxd6 22.Qxc4 Rac8
23.Qd3 Rfd8 24.c3 Rc5 25.Qf3 Nd5 26.Rad1 Qf4 27.Nb3 Qxf3 28.gxf3 Rcc8 29.Nxa5 b6
30.Nb3 Nf4 31.h4 Rxd1 32.Rxd1 Rc4 33.a5 bxa5 34.Nxa5 Rc5 35.b4 Rh5 36.c4 Rxh4
37.b5 Rh5 38.Nb3 Rg5+ 39.Kf1 Rh5 40.Ke1 Re5+ 41.Kd2 Re2+ 42.Kc3 Re8 43.b6 h5
44.c5 h4 45.c6 h3 46.b7 h2 47.Rh1 Rf8 48.Kc4 Ne6 49.Nc5  1-0

[Event "16th HZ Open"]
[Site "Vlissingen NED"]
[Date "2012.08.05"]
[Round "3"]
[White "In 't Veld,D"]
[Black "Leenhouts,K"]
[Result "1-0"]
[WhiteElo "2219"]
[BlackElo "2390"]

1.e4 d6 2.d4 Nf6 3.Nc3 e5 4.Nf3 Nbd7 5.Bc4 Be7 6.O-O O-O 7.h3 a6 8.a4 b6
9.Re1 Bb7 10.b3 c6 11.Bf1 Re8 12.Bb2 Qc7 13.Qd2 Bf8 14.Bd3 Rad8 15.Rad1 b5
16.axb5 axb5 17.g4 exd4 18.Nxd4 b4 19.Na4 c5 20.Nb5 Qb8 21.c4 Nxe4 22.Qf4 Nef6
23.Rxe8 Rxe8 24.g5 Ne5 25.Bxe5 dxe5 26.Qh4 e4 27.Bc2 Be7 28.gxf6 Bxf6 29.Qg3 Re5
30.h4 e3 31.Nxc5 exf2+ 32.Qxf2 Rxc5 33.Nd6 Re5 34.Qb6 Re7 35.Be4 Rd7 36.Bxb7 g6
37.c5 Be7 38.Ra1 Qf8 39.Ra8 Bd8 40.Qxb4 Qh6 41.Qe1 Kg7 42.Bc6 Rxd6 43.cxd6 Bxh4
44.Qe4 Qc1+ 45.Kh2 Bf2 46.Kg2 Qg1+ 47.Kf3 Bg3 48.Ra2 Bxd6 49.Rf2 Qd1+ 50.Kg2 f5
51.Qd5 Qg4+ 52.Kf1 Bg3 53.Rd2 Bf4 54.Qd4+ Kh6 55.Rf2 Qh3+ 56.Bg2 Be3 57.Qe5 Qg4
58.Qxe3+ Kg7 59.Qc3+ Kf7 60.Qc4+  1-0

[Event "30th World Junior Girls"]
[Site "Athens GRE"]
[Date "2012.08.06"]
[Round "5.16"]
[White "Orozco,Li"]
[Black "Unapkoshvili,N"]
[Result "1-0"]
[WhiteElo "2150"]
[BlackElo "2011"]

1.e4 d6 2.d4 Nf6 3.Nc3 e5 4.Nge2 Nbd7 5.g3 Be7 6.Bg2 O-O 7.O-O c6 8.a4 a5
9.h3 Ne8 10.g4 Nc7 11.Ng3 Bf6 12.Be3 g6 13.Kh2 Qe7 14.f4 exf4 15.Bxf4 Ne6
16.Be3 Bg5 17.Qd3 Bxe3 18.Qxe3 Qg5 19.Qxg5 Nxg5 20.d5 cxd5 21.exd5 f6 22.Nb5 Ra6
23.h4 Nf7 24.Ne4 Nfe5 25.Rf4 Nxg4+ 26.Kg3 Nde5 27.Nexd6 h5 28.c4 Rd8 29.Nxc8 Rxc8
30.d6 Rb6 31.Rd4 Kf8 32.c5 Rxc5 33.d7 Nxd7 34.Rxd7 Re6 35.Rd3 Re2 36.Nd4 Re7
37.Bxb7 Ne5 38.Rdd1 Kf7 39.Bg2 Nc4 40.Rac1 Nxb2 41.Rxc5 Nxd1 42.Bd5+ Kg7
43.Ne6+ Kh7 44.Rc7 Rxc7 45.Nxc7 Nc3 46.Bc6 g5 47.Ne6 Kh6 48.Nd4 Kg6 49.Nb3 Kf5
50.Nxa5 gxh4+ 51.Kxh4 Nxa4 52.Bxa4 Ke4 53.Kxh5 f5 54.Bc2+ Ke5 55.Nc6+ Kd6
56.Nd4 f4 57.Kg4 Kd5 58.Nf3 Kc5 59.Kxf4 Kd5 60.Be4+ Kc5 61.Ke5 Kc4 62.Bd5+ Kc3
63.Ke4 Kc2 64.Kd4 Kb2 65.Kd3 Kb1 66.Kc3 Ka1 67.Nd4 Kb1 68.Nc2 Kc1 69.Ba2 Kd1
70.Nd4 Kc1 71.Ne2+ Kd1 72.Kd3 Ke1 73.Ke3 Kd1 74.Bb3+ Ke1 75.Nf4 Kf1 76.Bc2 Ke1
77.Ng2+ Kf1 78.Kf3 Kg1 79.Kg3 Kf1 80.Bd3+ Kg1 81.Nf4 Kh1 82.Be2 Kg1 83.Nh3+  1-0

[Event "Euro Chess Tournament GpA 2012"]
[Site "Borne NED"]
[Date "2012.08.06"]
[Round "1"]
[White "Kollen,Z"]
[Black "Wallace,Gavin"]
[Result "1-0"]
[WhiteElo "2147"]
[BlackElo "1835"]

1.e4 d6 2.d4 Nf6 3.Nc3 Nbd7 4.Nf3 c6 5.e5 dxe5 6.dxe5 Ng4 7.Bf4 Qb6 8.Qd2 e6
9.h3 Nh6 10.Bxh6 gxh6 11.O-O-O Bg7 12.Ne4 O-O 13.Qf4 Qc7 14.Rxd7 Bxd7 15.Nf6+ Bxf6
16.Qxf6 Rfd8 17.Bd3 Be8 18.Be4 Rd5 19.Qxh6 f5 20.Qxe6+ Qf7 21.Bxd5 cxd5 22.Qxf7+ Kxf7
23.Nd4 Bd7 24.Re1 Be6 25.Re3 Rg8 26.g3 a6 27.Rf3  1-0

[Event "16th HZ Open"]
[Site "Vlissingen NED"]
[Date "2012.08.06"]
[Round "4"]
[White "Larsen,Sander"]
[Black "Skutta,B"]
[Result "0-1"]
[WhiteElo "1827"]
[BlackElo "2083"]

1.e4 d6 2.d4 Nf6 3.Nc3 e5 4.Nf3 Nbd7 5.Bc4 Be7 6.O-O O-O 7.Re1 c6 8.a4 a5
9.h3 Nb6 10.Bf1 exd4 11.Nxd4 d5 12.e5 Ne8 13.Be2 g6 14.Bg4 Ng7 15.Qe2 Nd7
16.Bh6 Nc5 17.Nb1 f5 18.Bf3 Ne4 19.Nd2 Re8 20.c4 Bg5 21.Bxg5 Qxg5 22.Bxe4 fxe4
23.Qe3 Qxe5 24.cxd5 cxd5 25.f3 Nf5 26.Nxf5 Bxf5 27.fxe4 Bxe4 28.Nxe4 dxe4
29.Rad1 Re7 30.Rd4 Rae8 31.Qb3+ Kh8 32.Rd5 Qf6 33.Rxa5 e3 34.Re2 Rc7 35.Rxe3 Qd4
36.Kf2 Qd2+  0-1

[Event "51st World Juniors"]
[Site "Athens GRE"]
[Date "2012.08.07"]
[Round "6.42"]
[White "Farid,F"]
[Black "Nadirashvili,S"]
[Result "0-1"]
[WhiteElo "2318"]
[BlackElo "2151"]

1.e4 d6 2.d4 Nf6 3.Nc3 e5 4.Nf3 Nbd7 5.Bc4 Be7 6.O-O O-O 7.a4 a6 8.Qe2 c6
9.Rd1 exd4 10.Nxd4 Re8 11.Ba2 Bf8 12.Bg5 h6 13.Bh4 d5 14.Qf1 dxe4 15.Qc4 Ne5
16.Qb3 g5 17.Nxc6 Qc7 18.Nxe5 Be6 19.Nc4 Rac8 20.Qb6 Bxc4 21.Qxf6 Re6 22.Qf5 gxh4
23.Bxc4 Qxc4 24.Rd7 Re7 25.Rxe7 Bxe7 26.Nd5 Bd8 27.g3 Qxc2 28.Re1 Rc5 29.b4 Qd2
30.bxc5 Qxe1+ 31.Kg2 Qe2 32.Qc8 h3+  0-1

[Event "10th EU U14 2012"]
[Site "Mureck AUT"]
[Date "2012.08.07"]
[Round "7.19"]
[White "Janzekovic,Alja"]
[Black "Bratuszewski,Jorden"]
[Result "1-0"]
[WhiteElo "1530"]
[BlackElo "1675"]

1.e4 d6 2.d4 Nf6 3.Nc3 c6 4.Nf3 Bg4 5.Bc4 Nbd7 6.O-O b5 7.Bd3 a6 8.h3 Bxf3
9.Qxf3 Rc8 10.a4 e6 11.Bg5 Be7 12.Ne2 d5 13.e5 Ng8 14.Bd2 Nb6 15.axb5 axb5
16.Ra7 Ra8 17.Rfa1 Rxa7 18.Rxa7 Qb8 19.Ra2 Nc4 20.Bxc4 bxc4 21.Qc3 c5 22.Qa3 cxd4
23.Qa8 Qxa8 24.Rxa8+ Kd7 25.Nxd4 Bc5 26.c3 h6 27.Be3 Be7 28.Ra7+ Ke8 29.Nc6 Rh7
30.Ra8+ Kd7 31.Nd4 Bd8 32.Ra7+ Ke8 33.Nc6 Ne7 34.Nxd8 Kxd8 35.Bc5 Nc6 36.Rxf7 Nxe5
37.Re7 Nd3 38.Ba3 Nxb2 39.Rxe6 Na4 40.Rd6+ Kc7 41.Rxd5 Nxc3 42.Rc5+ Kd7 43.Rxc4 Nb5
44.Bb2 g5 45.Rb4 Nd6 46.Ra4 Ke6 47.Ra6 Kd5 48.Kf1 Rb7 49.Ba3 Nc4 50.Bf8 Rb1+
51.Ke2 Rb2+ 52.Kf3 Rb3+ 53.Ke2 Rb2+ 54.Kf3 Rb3+ 55.Kg4 Ne5+ 56.Kh5 Rb2 57.Ra5+ Ke6
58.Bg7 Nf7 59.Bxb2  1-0

[Event "Open ch-MKD 2012"]
[Site "Struga MKD"]
[Date "2012.08.07"]
[Round "4.1"]
[White "Pancevski,F"]
[Black "Menkinoski,R"]
[Result "1/2-1/2"]
[WhiteElo "2461"]
[BlackElo "2352"]

1.e4 d6 2.d4 Nf6 3.Nc3 e5 4.Nf3 Nbd7 5.Bc4 Be7 6.O-O O-O 7.Re1 c6 8.a4 b6
9.h3 a6 10.d5 c5 11.Be3  1/2-1/2

[Event "16th HZ Open"]
[Site "Vlissingen NED"]
[Date "2012.08.07"]
[Round "5"]
[White "Luft,D"]
[Black "Hefner,Felix"]
[Result "0-1"]
[WhiteElo "2121"]
[BlackElo "1847"]

1.e4 d6 2.d4 Nf6 3.Nc3 e5 4.Nf3 Nbd7 5.Bc4 Be7 6.O-O c6 7.h3 O-O 8.Be3 b5
9.Bd3 Bb7 10.a3 a6 11.b4 exd4 12.Nxd4 c5 13.Nf5 c4 14.Be2 Nxe4 15.Nxe4 Bxe4
16.Nxd6 Bxd6 17.Qxd6 Bxc2 18.Bf3 Nf6 19.Qc6 Qd3 20.Rfe1 Ne4 21.Rad1 Rac8
22.Qb7 Rb8 23.Rxd3 Rxb7 24.Rd2 Nxd2 25.Bxb7 Nb1 26.Rc1 Bd3 27.Bc5 Rb8 28.Bxa6 Nxa3
29.Rc3 Nc2 30.f3 f5 31.Kh2 Kf7 32.Kg3 Ke6 33.Kf4 Kd5 34.Ba7 Nxb4  0-1

[Event "Euro Chess Tournament GpA 2012"]
[Site "Borne NED"]
[Date "2012.08.08"]
[Round "5"]
[White "Lentjes,N"]
[Black "Wallace,Gavin"]
[Result "1-0"]
[WhiteElo "1978"]
[BlackElo "1835"]

1.e4 d6 2.d4 Nf6 3.Nc3 Nbd7 4.f4 c6 5.e5 Nd5 6.Nxd5 cxd5 7.Nf3 e6 8.Bd3 Be7
9.O-O dxe5 10.fxe5 Nf8 11.Be3 Ng6 12.Qd2 O-O 13.Rf2 Qe8 14.Raf1 f5 15.exf6 Bxf6
16.Ne5 Nxe5 17.dxe5 Be7 18.Rxf8+ Bxf8 19.Qf2 Bd7 20.Qh4 g6 21.Rf3 Be7 22.Bg5 Bf8
23.Rh3 Qf7 24.Bf6 Bc5+ 25.Kh1  1-0

[Event "11th Braunau Open A"]
[Site "Ranshofen AUT"]
[Date "2012.08.08"]
[Round "6.5"]
[White "Konnyu,J"]
[Black "Okhotnik,V"]
[Result "0-1"]
[WhiteElo "2352"]
[BlackElo "2423"]

1.e4 d6 2.d4 Nf6 3.Nc3 Nbd7 4.Nf3 e5 5.Bc4 Be7 6.O-O O-O 7.a4 a5 8.Bg5 h6
9.Bh4 c6 10.Ba2 Nh5 11.Bxe7 Qxe7 12.Qd2 Nb6 13.Qe3 Ra6 14.Rad1 Bg4 15.Rd2 Nf4
16.dxe5 dxe5 17.h3 Bc8 18.Rfd1 Kh7 19.Rd6 Be6 20.Bxe6 fxe6 21.b3 Nbd5 22.exd5 Qxd6
23.Ne4 Qd8 24.d6 Ra8 25.c4 Qe8 26.Ng3 Ng6 27.h4 Qf7 28.h5 Nh8 29.Nxe5 Qf4
30.Nd7 Rf7 31.Nc5 Qxe3 32.fxe3 Kg8 33.Nxe6 Rd7 34.Nc5 Rf7 35.e4 b6 36.Ne6 Rd7
37.Nc7 Rad8 38.e5 Nf7 39.Re1 Nxd6 40.exd6 Rxd6 41.Nf5 Rd1 42.Rxd1 Rxd1+ 43.Kf2 Kf7
44.c5 bxc5 45.Na6 Rd2+ 46.Ke3 Rxg2 47.Nxc5 Rg5 48.Nb7 Rxh5 49.Nd4 Kf6 50.Nxc6 Rh3+
51.Ke4 Rxb3 52.Nc5 Ra3 53.Nxa5 h5 54.Nc4 Ra2 55.Ne3 g6 56.Kf4 g5+ 57.Ke4 Kg6
58.Nd5 h4 59.Ne7+ Kh5  0-1

[Event "16th HZ Open"]
[Site "Vlissingen NED"]
[Date "2012.08.08"]
[Round "6"]
[White "Ducarmon,Q"]
[Black "Van den Berg,Ad"]
[Result "1-0"]
[WhiteElo "2407"]
[BlackElo "2225"]

1.d4 d6 2.e4 Nf6 3.Nc3 e5 4.Nf3 Nbd7 5.Bc4 Be7 6.O-O O-O 7.a4 c6 8.Ba2 b6
9.Qe2 a6 10.Rd1 Qc7 11.Bg5 Bb7 12.Nh4 exd4 13.Rxd4 Rae8 14.Nf5 d5 15.Qd2 c5
16.Nxe7+ Rxe7 17.Rxd5 Bxd5 18.Nxd5 Nxd5 19.exd5 Re4 20.d6 Qc8 21.Be7 Re8
22.Qd5 R4xe7 23.dxe7 Rxe7 24.Bc4 Nf6 25.Qd6 Re4 26.b3 Qe8 27.Qxb6 h5 28.Qxc5 Re1+
29.Rxe1 Qxe1+ 30.Bf1 Ne4 31.Qe3  1-0

[Event "Miguel Najdorf Open A"]
[Site "Warsaw POL"]
[Date "2012.08.08"]
[Round "3.24"]
[White "Nowicki,B"]
[Black "Bursa,R"]
[Result "1-0"]
[WhiteElo "2158"]
[BlackElo "1980"]

1.e4 d6 2.d4 Nf6 3.Nc3 Nbd7 4.f4 e5 5.Nf3 exd4 6.Nxd4 Be7 7.Be2 O-O 8.Bf3 Re8
9.O-O Bf8 10.Re1 c6 11.Be3 Qc7 12.a4 a5 13.Bf2 Nc5 14.Qd2 Bg4 15.Bh4 Bxf3
16.gxf3 Nh5 17.Kh1 Ne6 18.Nce2 g6 19.Rg1 Nxd4 20.Nxd4 d5 21.e5 Qc8 22.Rg5 Ng7
23.f5 c5 24.fxg6 hxg6 25.Nb5 Nf5 26.Qf4 Ra6 27.Rag1 Nxh4 28.Qxh4 Be7 29.f4 Bxg5
30.Rxg5 Kg7 31.Qg3 Rh8 32.f5 d4 33.Nd6 Rxd6 34.exd6 Qe8 35.fxg6 fxg6 36.Rxc5 Rf8
37.Qe5+ Qxe5 38.Rxe5 Kf6 39.Rd5 Ke6 40.Rxd4 Kd7 41.Kg2 Rf5 42.Rd2 Rf4 43.b3 Rf5
44.Kg3 Rc5 45.Kf4 Rh5 46.Ke4 Rg5 47.h3 Rg3 48.Rd3 Rg2 49.c4 Rg5 50.Kf4 Rf5+
51.Kg4 Re5 52.h4 b6 53.Rf3 Kxd6 54.Rf6+ Kc5 55.Rxg6 Re3 56.Rg5+ Kc6 57.Rb5 Re1
58.h5 Rg1+ 59.Kf5 Rh1 60.Kg6 Rg1+ 61.Kh7 Rg3 62.h6 Kc7 63.Kh8 Kc6 64.h7 Rg6
65.Rf5 Kd7 66.Rf6 Rg5 67.Rxb6 Ke7 68.Rb5 Rg6 69.Rxa5 Kf7 70.Rf5+ Ke6 71.Rf3 Kd6
72.Rf6+ Rxf6 73.Kg7 Rf3 74.h8=Q  1-0

[Event "XIII Miquel Mas Open"]
[Site "Figueres ESP"]
[Date "2012.08.09"]
[Round "1.9"]
[White "Dourerassou,J"]
[Black "Carraminana Lopez,L"]
[Result "1-0"]
[WhiteElo "2460"]
[BlackElo "2029"]

1.e4 d6 2.d4 Nf6 3.Nc3 Nbd7 4.Be3 e5 5.f3 c6 6.Nge2 b5 7.d5 Bb7 8.dxc6 Bxc6
9.Ng3 b4 10.Nd5 Nxd5 11.exd5 Bb7 12.Qd2 Qa5 13.Bc4 g6 14.Bb3 Bg7 15.Ne4 Ke7
16.a3 Nb6 17.Rd1 Rhc8 18.axb4 Qb5 19.Bg5+ f6 20.Bh6 Bh8 21.Be3 a5 22.bxa5 Rxa5
23.Bxb6 Qxb6 24.Qh6 Rf8 25.Qxh7+ Rf7 26.Qh6 g5 27.Bc4 Qe3+ 28.Kf1 Ra4 29.Ng3 Qf4
30.Bd3 e4 31.Qxh8 Bxd5 32.Re1 f5 33.Ne2 Qd2 34.Qc3 Qxc3 35.Nxc3  1-0

[Event "16th HZ Open"]
[Site "Vlissingen NED"]
[Date "2012.08.09"]
[Round "7"]
[White "Von Meijenfeldt,Bart"]
[Black "Van Assendelft,F"]
[Result "0-1"]
[WhiteElo "2151"]
[BlackElo "2383"]

1.e4 d6 2.d4 Nf6 3.Nc3 Nbd7 4.Be3 e5 5.f3 c6 6.Qd2 b5 7.d5 cxd5 8.Nxd5 Nxd5
9.Qxd5 Rb8 10.O-O-O a6 11.Kb1 Nb6 12.Qd2 Be7 13.g4 O-O 14.Bd3 Be6 15.Ne2 b4
16.Ng3 Na4 17.Qe2 Bxa2+ 18.Kxa2 Nc3+ 19.Kb3 Nxe2  0-1

[Event "51st World Juniors"]
[Site "Athens GRE"]
[Date "2012.08.10"]
[Round "8.34"]
[White "Gemy,J"]
[Black "Nadirashvili,S"]
[Result "1-0"]
[WhiteElo "2345"]
[BlackElo "2151"]

1.e4 d6 2.d4 Nf6 3.Nc3 e5 4.Nf3 Nbd7 5.Bc4 Be7 6.O-O O-O 7.Re1 a6 8.a4 b6
9.b3 c6 10.d5 c5 11.Bf1 Kh8 12.h3 Ng8 13.Bd2 Bf6 14.Rb1 g6 15.b4 Bg7 16.bxc5 Nxc5
17.Be3 f5 18.Ng5 Nf6 19.Bxc5 bxc5 20.Ne6 Bxe6 21.dxe6 Nxe4 22.Nxe4 fxe4 23.Bc4 Qh4
24.Qe2 Rae8 25.Red1 Rf5 26.Rxd6 Ref8 27.g3 Qf6 28.Rf1 h5 29.h4 Kh7 30.Rxa6 Rd8
31.Ra7 Rf8 32.a5 e3 33.Qxe3 e4 34.Rf7 Rxf7 35.exf7 Qe7 36.Kg2 Bd4 37.Qe2 Kg7
38.a6 g5 39.hxg5 h4 40.Qh5 Rxg5 41.Qxh4 Qf6 42.Qxe4 Re5 43.Qa8  1-0

[Event "16th HZ Open"]
[Site "Vlissingen NED"]
[Date "2012.08.10"]
[Round "8"]
[White "Poetsch,H"]
[Black "Hopman,P"]
[Result "1-0"]
[WhiteElo "2462"]
[BlackElo "2310"]

1.e4 d6 2.d4 Nf6 3.Nc3 e5 4.Nf3 Nbd7 5.Bc4 Be7 6.O-O O-O 7.Re1 c6 8.a4 Qa5
9.Bd2 Qc7 10.h3 a5 11.Ba2 exd4 12.Nxd4 Re8 13.Nf5 Nc5 14.Qf3 Be6 15.Bg5 Bxa2
16.Rxa2 Ne6 17.Bh4 Kf8 18.Raa1 Ng8 19.Bg3 Rad8 20.Rad1 Rd7 21.Re2 Red8 22.Red2 Nf6
23.Qd3 Qb6 24.b3 d5 25.exd5 Bb4 26.Qc4 Bxc3 27.Qxc3 cxd5 28.Qe5 Nc5 29.Qd4 Qc6
30.f3 Ne6 31.Qh4 h6 32.Be5 Ng8 33.Kh1 Ne7 34.Bd6 Qxd6 35.Nxd6 Rxd6 36.Qf2 b6
37.f4 Nc5 38.Qf3 f5 39.g4 Ne4 40.Rd3 Nc5 41.Rd4 Ne6 42.R4d2 d4 43.c3 fxg4
44.hxg4 Nd5 45.Rxd4 Nxd4 46.Rxd4 Kf7 47.Qd3 Ke7 48.Qh7 Kf7 49.g5 R8d7 50.Qf5+ Ke8
51.Qe5+  1-0

[Event "30th World Junior Girls"]
[Site "Athens GRE"]
[Date "2012.08.11"]
[Round "9.26"]
[White "Terzidaki,A"]
[Black "Narva,T"]
[Result "0-1"]
[WhiteElo "1958"]
[BlackElo "2028"]

1.e4 d6 2.d4 Nf6 3.Nc3 e5 4.Nf3 Nbd7 5.Bc4 Be7 6.h4 c6 7.Bb3 b5 8.Ng5 O-O
9.Be3 h6 10.Qf3 Rb8 11.g4 exd4 12.Bxd4 Ne5 13.Bxe5 Bxg4 14.Qg3 dxe5 15.f3 Bh5
16.Ke2 b4 17.Rag1 bxc3 18.bxc3 hxg5 19.Qxg5 g6 20.Qh6 Rxb3 21.axb3 Nxe4 22.Qe3 Qd5
23.Ke1 Rd8  0-1